[Event "2022 WA Reserves Championship"]
[Site "Leeming, Perth WA"]
[Date "2022.05.15"]
[Round "1"]
[White "King, David"]
[Black "Gulley, Trent"]
[Result "1-0"]
[WhiteElo "1840"]
[BlackElo "1492"]
[EventDate "2022.05.15"]

1.e4 e5 2.Nf3 Nc6 3.Bb5 a6 4.Ba4 Nf6 5.O-O Be7 6.Re1 b5 7.Bb3 O-O 8.a4 Bb7
9.d3 d6 10.Nbd2 Nd7 11.c3 Na5 12.Bc2 c5 13.Nf1 Nc6 14.Ng3 b4 15.Nf5 Nf6 
16.d4 bxc3 17.bxc3 cxd4 18.cxd4 Bc8 19.Nxe7+ Qxe7 20.Ba3 Bg4 21.dxe5 Nxe5 
22.Qxd6 Qxd6 23.Bxd6 Bxf3 24.Bxe5 Bg4 25.Bxf6 gxf6 26.Rab1 Ra7 27.Rb6 Kg7 
28.f3 Be6 29.a5 Rc8 30.Bd3 Rc5 31.Ra1 Bc8 32.Kf2 h6 33.Ke3 Ra8 34.Ra2 Rc1 
35.h3 Re1+ 36.Kf4 Rc1 37.Rc2 Rd1 38.Be2 Ra1 39.Rc5 Ra2 40.Bc4 Rxg2 41.Bd5 
1-0

[Event "2022 WA Reserves Championship"]
[Site "Leeming, Perth WA"]
[Date "2022.05.15"]
[Round "1"]
[White "Wu, Kobe"]
[Black "Clarke, Daniel"]
[Result "0-1"]
[WhiteElo "655"]
[BlackElo "1739"]
[EventDate "2022.05.15"]

1.e4 e5 2.Nf3 Nc6 3.Bc4 Bc5 4.c3 Nf6 5.d3 d6 6.Nbd2 a6 7.Bb3 Ba7 8.O-O Be6
9.a3 O-O 10.Bxe6 fxe6 11.Ng5 Qd7 12.Re1 Bxf2+ 13.Kxf2 Nxe4+ 14.Kg1 Nxg5 
15.Qg4 Qf7 16.Nf3 Nxf3+ 17.gxf3 Qxf3 18.Qg2 Qxd3 19.Bh6 Qg6 20.Qxg6 hxg6 
21.Bd2 Rf5 22.c4 d5 23.cxd5 exd5 24.Rf1 e4 25.Rxf5 gxf5 26.Bf4 Rc8 27.Rf1 
Nd4 28.Rf2 Nf3+ 29.Kf1 c5 30.Rg2 Kf7 31.Rc2 Rc6 32.Be3 d4 33.Bf4 g5 34.Bc1
b6 35.b4 c4 36.a4 c3 37.b5 axb5 38.axb5 Rc5 39.Bb2 cxb2 40.Rxb2 d3 41.Ra2 
e3 42.Ra7+ Kf6 43.Ra1 Rc2 44.Rd1 Rf2# 0-1

[Event "2022 WA Reserves Championship"]
[Site "Leeming, Perth WA"]
[Date "2022.05.15"]
[Round "1"]
[White "Gough, Dylan"]
[Black "Plaganyi, Gyula"]
[Result "1/2-1/2"]
[WhiteElo "1670"]
[BlackElo "1843"]
[EventDate "2022.05.15"]

1.d4 Nf6 2.c4 e6 3.e3 Bb4+ 4.Bd2 Qe7 5.Bd3 b6 6.a3 Bxd2+ 7.Nxd2 Bb7 8.Ngf3
d6 9.O-O O-O 10.Qc2 Nbd7 11.e4 e5 12.dxe5 dxe5 13.b4 a5 14.Qc3 Rfd8 15.
Rfe1 h6 16.Nb3 axb4 17.axb4 Rxa1 18.Nxa1 c5 19.b5 Ne8 20.Nd2 Nc7 21.Nc2 
Ne6 22.Ne3 Nd4 23.Nd5 Qd6 24.Nf1 f6 25.Nfe3 g6 26.Ra1 Kf7 27.Rf1 Kg7 28.g3
Rf8 29.f4 Bxd5 30.Nxd5 Rf7 31.Qd2 Qb8 32.Qa2 g5 33.f5 Nf8 34.Ra1 Rb7 35.
Qa8 Nd7 36.Qxb8 Nxb8 37.Ra8 Kf7 38.Kf2 h5 39.h3 h4 40.gxh4 gxh4 41.Be2 Kg7
42.Bg4 Nd7 43.Ne7 Nf8 44.Nd5 Nd7 45.Ne7 1/2-1/2

[Event "2022 WA Reserves Championship"]
[Site "Leeming, Perth WA"]
[Date "2022.05.15"]
[Round "1"]
[White "Milovanovic, Stevica"]
[Black "Gunawan, Tjermin"]
[Result "0-1"]
[WhiteElo "1497"]
[BlackElo "1764"]
[EventDate "2022.05.15"]

1.d4 Nf6 2.Nf3 c5 3.d5 d6 4.c4 g6 5.b3 Bg7 6.Bb2 O-O 7.Nbd2 Qa5 8.e3 e6 9.
Qc2 exd5 10.Bd3 Be6 11.O-O dxc4 12.Nxc4 Qc7 13.Ncd2 Nc6 14.a3 Qb6 15.Nc4 
Qd8 16.h3 b5 17.Ncd2 a6 18.Ne4 Rc8 19.Rfd1 Nxe4 20.Bxg7 Kxg7 21.Bxe4 Qf6 
22.Rab1 Rfd8 23.Qb2 d5 24.Qxf6+ Kxf6 25.Bc2 Ne5 26.Nd2 Bf5 27.e4 dxe4 28.
Nxe4+ Bxe4 29.Bxe4 a5 30.f4 Nd7 31.Rd6+ Ke7 32.Rbd1 Nb6 33.Rxd8 Rxd8 34.
Rxd8 Kxd8 35.Bd3 b4 36.a4 h6 37.g4 g5 38.f5 Ke7 39.Kf2 Nd5 40.Bc4 Nf4 41.
Kg3 f6 42.h4 Kd6 43.hxg5 hxg5 44.Kf3 Ke5 45.Ke3 Ng2+ 46.Kf3 Nf4 47.Ke3 
Ng2+ 48.Kf3 Ne1+ 49.Ke3 Nc2+ 50.Kf3 Kd4 51.Be6 Ne3 52.Bf7 c4 53.Bxc4 Nxc4 
54.bxc4 b3 55.c5 Kxc5 0-1

[Event "2022 WA Reserves Championship"]
[Site "Leeming, Perth WA"]
[Date "2022.05.15"]
[Round "1"]
[White "Cadag, Herbert"]
[Black "Bonneville, Adam"]
[Result "1-0"]
[WhiteElo "1759"]
[BlackElo "1084"]
[EventDate "2022.05.15"]

1.e4 c5 2.Nf3 d6 3.d4 cxd4 4.Nxd4 Nf6 5.Nc3 a6 6.Bd3 e6 7.O-O Be7 8.Kh1 
O-O 9.Nde2 Nbd7 10.Ng3 Qb6 11.f4 Nc5 12.Nh5 Nxd3 13.cxd3 Qc5 14.Nxf6+ Bxf6
15.Bd2 Bd4 16.e5 d5 17.Qh5 Be3 18.Bxe3 Qxe3 19.Rf3 Qd2 20.Rh3 h6 21.Rf1 b5
22.Nd1 Bb7 23.Rg3 Kh7 24.f5 exf5 25.Qxf5+ g6 26.Qd7 Bc8 27.Rxf7+ Rxf7 28.
Qxf7+ Kh8 29.Qf6+ 1-0

[Event "2022 WA Reserves Championship"]
[Site "Leeming, Perth WA"]
[Date "2022.05.15"]
[Round "1"]
[White "Teh, Rui Gen"]
[Black "Simonds, Marcus"]
[Result "1-0"]
[WhiteElo "1675"]
[BlackElo "1701"]
[EventDate "2022.05.15"]

1.e4 e6 2.f4 d5 3.e5 c5 4.Nf3 Nc6 5.c3 Nge7 6.Na3 a6 7.Nc2 Nf5 8.Bd3 Nh4 
9.O-O c4 10.Be2 Bc5+ 11.Kh1 b5 12.d4 Be7 13.Nxh4 Bxh4 14.Ne3 g6 15.g4 f5 
16.exf6 Bxf6 17.f5 O-O 18.Qc2 gxf5 19.gxf5 e5 20.Bf3 e4 21.Bh5 Kh8 22.Ng4 
Bg7 23.Nh6 Bxh6 24.Bxh6 Rxf5 25.Rxf5 Bxf5 26.Rf1 Qf6 27.Be3 Qe6 28.Qf2 Ne7
29.Qh4 Rg8 30.Bg5 Re8 31.Bxe8 1-0

[Event "2022 WA Reserves Championship"]
[Site "Leeming, Perth WA"]
[Date "2022.05.15"]
[Round "1"]
[White "Roebuck, Derek"]
[Black "Chen, Angus"]
[Result "0-1"]
[WhiteElo "1769"]
[BlackElo "1498"]
[EventDate "2022.05.15"]

1.e4 e5 2.Nf3 Nf6 3.d4 Nxe4 4.dxe5 d5 5.Nbd2 Nxd2 6.Bxd2 Bc5 7.Bd3 O-O 8.
c3 h6 9.h3 Nc6 10.O-O Re8 11.Bf4 Be6 12.Qd2 Bf8 13.Rfe1 Qd7 14.Be3 Rad8 
15.Bd4 Nxd4 16.Nxd4 a6 17.f4 c5 18.Nxe6 Qxe6 19.Rad1 Qc6 20.Be2 Be7 21.Bf3
Bh4 22.Re2 Qb5 23.Qc2 Bg3 24.Bxd5 c4 25.Bf3 Qxb2 26.Rxd8 Rxd8 27.Rf2 Bxf2+
28.Qxf2 Qc1+ 29.Kh2 Qxf4+ 0-1

[Event "2022 WA Reserves Championship"]
[Site "Leeming, Perth WA"]
[Date "2022.05.15"]
[Round "1"]
[White "Barry, David"]
[Black "Rafiei Darani, Daryoush"]
[Result "1/2-1/2"]
[WhiteElo "1820"]
[BlackElo "1527"]
[EventDate "2022.05.15"]

1.e4 c6 2.d4 d5 3.Nd2 dxe4 4.Nxe4 Nd7 5.Ng5 Ngf6 6.Bd3 e6 7.N1f3 Bd6 8.Qe2
Qe7 9.Bd2 h6 10.Ne4 Nxe4 11.Qxe4 Nf6 12.Qh4 Nd5 13.Qxe7+ Bxe7 14.a3 b5 15.
Ne5 Bb7 16.O-O O-O 17.f4 Rad8 18.f5 exf5 19.Bxf5 Nf6 20.c3 c5 21.Be3 Ne4 
22.Nd7 cxd4 23.Nxf8 dxe3 24.Nd7 e2 25.Rfe1 Rxd7 26.Bxd7 1/2-1/2

[Event "2022 WA Reserves Championship"]
[Site "Leeming, Perth WA"]
[Date "2022.05.15"]
[Round "1"]
[White "Patel, Jeel"]
[Black "McAteer, Ian"]
[Result "1-0"]
[WhiteElo "1515"]
[BlackElo "1829"]
[EventDate "2022.05.15"]

1.e4 c6 2.d4 d5 3.exd5 cxd5 4.Nf3 Nc6 5.Bf4 Bg4 6.Be2 e6 7.O-O Bd6 8.Bxd6 
Qxd6 9.Nbd2 Nge7 10.c3 O-O 11.Qc2 Bf5 12.Bd3 Rac8 13.a3 Qf4 14.Bxf5 Nxf5 
15.Qd3 a6 16.Rfe1 Nh6 17.Re2 Qf5 18.Qxf5 Nxf5 19.Ne5 Rc7 20.Nb3 b6 21.Nxc6
Rxc6 22.a4 a5 23.Nd2 Rfc8 24.Kf1 h6 25.Nf3 f6 26.Ke1 Kf7 27.Kd2 g5 28.Kd3 
Ne7 29.Nd2 Ng6 30.g3 e5 31.f3 exd4 32.Kxd4 Ne5 33.Rae1 Rc5 34.f4 gxf4 35.
gxf4 Ng6 36.f5 Ne5 37.Rg1 Rg8 38.Rxg8 Kxg8 39.Nb3 Rc4+ 40.Kxd5 Rxa4 41.Ke6
Rc4 42.Kxf6 Nd7+ 43.Ke7 Rc7 44.Kd6 Rb7 45.Re7 Nc5 46.Nxc5 1-0

[Event "2022 WA Reserves Championship"]
[Site "Leeming, Perth WA"]
[Date "2022.05.29"]
[Round "2"]
[White "Gao, Oscar"]
[Black "Deng, Eric"]
[Result "1-0"]
[WhiteElo "2017"]
[BlackElo "1603"]
[EventDate "2022.05.15"]

1.e4 e6 2.d4 d5 3.Nd2 dxe4 4.Nxe4 Nc6 5.Nf3 Be7 6.Bd3 Nf6 7.c3 O-O 8.O-O 
b6 9.Qe2 Bb7 10.Ne5 Nd5 11.f4 Nxe5 12.fxe5 Rc8 13.Qh5 g6 14.Qh6 Re8 15.Bg5
Bf8 16.Qh4 f6 17.exf6 Qd7 18.f7+ Kg7 19.Bf6+ Nxf6 20.Qxf6+ 1-0

[Event "2022 WA Reserves Championship"]
[Site "Leeming, Perth WA"]
[Date "2022.05.29"]
[Round "2"]
[White "Rafiei Darani, Daryoush"]
[Black "McGinty, Aidan"]
[Result "1-0"]
[WhiteElo "1527"]
[BlackElo "1637"]
[EventDate "2022.05.15"]

1.e4 d5 2.exd5 Qxd5 3.Nf3 Bg4 4.Be2 Nc6 5.h3 Bh5 6.Nc3 Qd7 7.d4 O-O-O 8.d5
Bxf3 9.Bxf3 Ne5 10.Be3 a6 11.Be2 Nf6 12.Qd4 Nc6 13.dxc6 Qxd4 14.cxb7+ Kxb7
15.Bxd4 Rxd4 16.Bf3+ Kb6 17.a4 e6 18.a5+ Ka7 19.Ne2 Rb4 20.O-O Bd6 21.c3 
Rxb2 22.Nd4 Kb8 23.Rfb1 Rxb1+ 24.Rxb1+ Kc8 25.Bb7+ Kd7 26.Bxa6 Ra8 27.Bb5+
Kc8 28.a6 c5 29.Bc6 Rb8 30.Bb7+ Kd7 31.a7 cxd4 32.cxd4 Nd5 33.axb8=Q Bxb8 
34.Bxd5 1-0

[Event "2022 WA Reserves Championship"]
[Site "Leeming, Perth WA"]
[Date "2022.05.29"]
[Round "2"]
[White "Ramnat Umasankar, Naveen"]
[Black "Hernandez Mendez, Iker"]
[Result "1/2-1/2"]
[WhiteElo "1618"]
[BlackElo "1785"]
[EventDate "2022.05.15"]

1.d4 Nf6 2.c4 c5 3.d5 e6 4.Nc3 exd5 5.cxd5 d6 6.e4 g6 7.f4 Bg7 8.Bb5+ Nfd7
9.Bd3 a6 10.a4 O-O 11.Nf3 Re8 12.O-O Qc7 13.Qb3 Nf6 14.e5 c4 15.Qxc4 Qb6+ 
16.Kh1 Ng4 17.a5 Nf2+ 1/2-1/2

[Event "2022 WA Reserves Championship"]
[Site "Leeming, Perth WA"]
[Date "2022.05.29"]
[Round "2"]
[White "Gunawan, Tjermin"]
[Black "Patel, Jeel"]
[Result "1-0"]
[WhiteElo "1764"]
[BlackElo "1515"]
[EventDate "2022.05.15"]

1.d4 d5 2.Nf3 Nf6 3.e3 Bg4 4.c4 e6 5.Nc3 Bb4 6.Be2 Ne4 7.Qb3 Nc6 8.O-O 
Bxc3 9.bxc3 Na5 10.Qc2 Bxf3 11.Bxf3 Nxc4 12.Bxe4 f5 13.Bd3 Nd6 14.c4 c6 
15.cxd5 cxd5 16.Qa4+ Kf7 17.Ba3 Ne8 18.Rfc1 h5 19.Rab1 b6 20.Qc6 g5 21.Ba6
g4 22.Bc8 Rxc8 23.Qxc8 Qg5 24.Qd7+ Kg6 25.Be7 Nf6 26.Qxe6 1-0

[Event "2022 WA Reserves Championship"]
[Site "Leeming, Perth WA"]
[Date "2022.05.29"]
[Round "2"]
[White "Bonneville, Adam"]
[Black "Roebuck, Derek"]
[Result "0-1"]
[WhiteElo "1084"]
[BlackElo "1769"]
[EventDate "2022.05.15"]

1.e4 e5 2.Nf3 Nc6 3.Bb5 f5 4.d3 fxe4 5.dxe4 Nf6 6.Bg5 Bb4+ 7.c3 Bc5 8.O-O 
d6 9.Qd5 Nxd5 10.Bxd8 Nxc3 11.Nxc3 Kxd8 12.Ng5 Ke8 13.Nd5 Bb6 14.Rac1 h6 
15.Nf3 Bd7 16.Nxb6 axb6 17.a3 Ne7 18.Bxd7+ Kxd7 19.Rfd1 Nc6 20.Rd5 Ra4 21.
Nd2 Nd4 22.Kf1 c6 23.Rc4 Rxc4 24.Rxd6+ Kxd6 25.Nxc4+ Kc7 0-1

[Event "2022 WA Reserves Championship"]
[Site "Leeming, Perth WA"]
[Date "2022.05.29"]
[Round "2"]
[White "Simonds, Marcus"]
[Black "Wu, Kobe"]
[Result "1/2-1/2"]
[WhiteElo "1701"]
[BlackElo "655"]
[EventDate "2022.05.15"]

1.d4 d5 2.Bf4 c6 3.Nd2 Nf6 4.e3 g6 5.h3 Bg7 6.Ngf3 Nbd7 7.Bd3 O-O 8.c3 c5 
9.Qe2 e6 10.O-O Re8 11.Ne5 Nxe5 12.Bxe5 Nd7 13.Bxg7 Kxg7 14.f4 Nf6 15.g4 
h5 16.g5 Nh7 17.h4 f6 18.Nf3 a6 19.a4 Bd7 20.dxc5 Qc7 21.b4 a5 22.gxf6+ 
Nxf6 23.Ne5 Ne4 24.Qg2 Rg8 25.Nxg6 Kh7 26.Bxe4 dxe4 27.Qxe4 Rxg6+ 28.Kh2 
Bc6 29.Qc2 Rg8 30.Rg1 Kh6 31.Rxg6+ Rxg6 32.Rg1 Be8 33.Rg5 Qe7 34.Qe2 Rg7 
35.Qg2 axb4 36.cxb4 Bxa4 37.Qe2 Be8 38.Qg2 Bc6 39.Qe2 1/2-1/2

[Event "2022 WA Reserves Championship"]
[Site "Leeming, Perth WA"]
[Date "2022.05.29"]
[Round "2"]
[White "McAteer, Ian"]
[Black "Gulley, Trent"]
[Result "0-1"]
[WhiteElo "1829"]
[BlackElo "1492"]
[EventDate "2022.05.15"]

1.d4 d5 2.Nc3 Nf6 3.Bf4 a6 4.e3 e6 5.Nf3 c5 6.Be2 Bd6 7.Ne5 Qc7 8.Qd2 Nbd7
9.Nd3 e5 10.dxe5 Nxe5 11.O-O Ng6 12.Bxd6 Qxd6 13.Rad1 O-O 14.Ne1 Be6 15.
Bf3 Rad8 16.Ne2 Qc7 17.Nd3 Nh4 18.Ng3 Nxf3+ 19.gxf3 Rd7 20.Nf4 Rfd8 21.Kh1
Qe5 22.Qc3 d4 23.Qa3 dxe3 24.Rxd7 Bxd7 25.fxe3 Bc6 26.Ng2 Rd2 27.Ne1 Ng4 
28.Ng2 h5 29.Qa5 Qd6 30.Nf4 Nxe3 31.Qc3 Nxf1 32.Nf5 Qf6 33.Qxf6 gxf6 34.
Nxh5 Rxh2+ 0-1

[Event "2022 WA Reserves Championship"]
[Site "Leeming, Perth WA"]
[Date "2022.05.29"]
[Round "2"]
[White "Sheridan, Wallace"]
[Black "Barry, David"]
[Result "0-1"]
[WhiteElo "1663"]
[BlackElo "1820"]
[EventDate "2022.05.15"]

1.d4 Nf6 2.Nf3 d5 3.e3 c5 4.c3 e6 5.Nbd2 Nc6 6.Bd3 Bd6 7.O-O O-O 8.dxc5 
Bxc5 9.e4 Qc7 10.Qe2 dxe4 11.Nxe4 Be7 12.Nxf6+ Bxf6 13.Qe4 g6 14.Bh6 Bg7 
15.Bxg7 Kxg7 16.Rfd1 b6 17.Qh4 Bb7 18.Ng5 h6 19.Ne4 Qe7 20.Qg3 Rad8 21.Bc2
Rxd1+ 22.Rxd1 Rd8 23.Nd6 Ba8 24.h4 h5 25.Be4 Kh8 26.Qf4 Kg8 27.Qg3 e5 28.
Qd3 Kh7 29.g3 f5 30.Bxc6 Bxc6 31.b3 Be4 32.Qd2 Bf3 33.Nxf5 Rxd2 0-1

[Event "2022 WA Reserves Championship"]
[Site "Leeming, Perth WA"]
[Date "2022.05.29"]
[Round "2"]
[White "Koh, Shannon"]
[Black "Gough, Dylan"]
[Result "1-0"]
[WhiteElo "1800"]
[BlackElo "1670"]
[EventDate "2022.05.15"]

1.d4 Nf6 2.Bg5 e6 3.e4 Be7 4.e5 Nd5 5.Bxe7 Nxe7 6.Qg4 Ng6 7.Bd3 Qh4 8.Qxh4
Nxh4 9.g3 Ng6 10.f4 d5 11.Ne2 b6 12.c3 Ba6 13.Bc2 Nd7 14.Nd2 Ne7 15.Nf3 h6
16.h4 Nf5 17.Bxf5 exf5 18.Kd2 O-O 19.h5 Bc8 20.Rag1 Nb8 21.Nh2 Nc6 22.g4 
Ne7 23.g5 Kh7 24.Nf3 Be6 25.Nh4 hxg5 26.fxg5 c5 27.Rh2 Rh8 28.Rhg2 g6 29.
Nf4 gxh5 30.g6+ Kh6 31.Nxe6 fxe6 32.g7 Rhg8 33.Ke3 Rac8 34.Kf4 cxd4 35.
cxd4 Rc4 36.Nf3 Rc7 37.Ke3 f4+ 38.Kxf4 Nf5 39.Rg6+ Kh7 40.Rxe6 Nxg7 41.
Ng5+ 1-0

[Event "2022 WA Reserves Championship"]
[Site "Leeming, Perth WA"]
[Date "2022.05.29"]
[Round "2"]
[White "Chen, Angus"]
[Black "King, David"]
[Result "0-1"]
[WhiteElo "1498"]
[BlackElo "1840"]
[EventDate "2022.05.15"]

1.e4 e5 2.Nf3 Nc6 3.d4 exd4 4.Bc4 Nf6 5.e5 d5 6.Bb5 Ne4 7.Nxd4 Bd7 8.Bxc6 
bxc6 9.O-O Be7 10.Nd2 Nxd2 11.Bxd2 c5 12.Ne2 O-O 13.Ng3 f6 14.f4 fxe5 15.
fxe5 c6 16.Qe2 Be6 17.Rxf8+ Bxf8 18.Rf1 c4 19.Kh1 Rb8 20.b3 cxb3 21.cxb3 
Qc7 22.Nf5 c5 23.Qg4 Qd7 24.Qf4 Re8 25.Ng3 Bf7 26.Bc3 Bg6 27.Re1 Re6 28.
Qg4 Qe8 29.Qf4 d4 30.Bd2 Be7 31.Ne4 Bxe4 32.Qxe4 Bd6 33.Bf4 Bc7 34.Qd5 Bb6
35.h3 h6 36.Rf1 Qc6 37.Qc4 Kh7 38.Bg3 Qe8 39.Qd3+ Qg6 40.Qc4 Qe8 41.Re1 
Rg6 42.Kh2 Qe6 43.Qd3 Kg8 44.Qf3 Qc6 45.Qf4 Re6 46.Rf1 Qe8 47.Qd2 Bc7 48.
Qc2 Qe7 49.Qc4 Kh7 50.Qd3+ Kh8 51.Qe4 Bxe5 52.Bxe5 Rxe5 53.Qa8+ Kh7 54.Rf8
Qc7 55.Rc8 Qd6 56.Rh8+ Kg6 57.Rd8 Qf6 58.Rf8 Qe7 59.Rc8 Re6 60.Qb8 Qd6+ 
61.Qxd6 Rxd6 62.Rxc5 d3 63.Rc1 d2 64.Rd1 Kf5 65.Kg1 Ke4 66.Kf2 Kd3 67.Kf3 
Kc2 68.Ke2 Re6+ 0-1

[Event "2022 WA Reserves Championship"]
[Site "Leeming, Perth WA"]
[Date "2022.06.05"]
[Round "3"]
[White "Deng, Eric"]
[Black "Ramnat Umasankar, Naveen"]
[Result "1-0"]
[WhiteElo "1603"]
[BlackElo "1618"]
[EventDate "2022.05.15"]

1.e4 c6 2.d4 d5 3.Nc3 dxe4 4.Nxe4 Nf6 5.Ng3 Bg4 6.Be2 Bxe2 7.N1xe2 e6 8.
O-O Bd6 9.Bf4 O-O 10.c3 Bxf4 11.Nxf4 Qb6 12.Qc2 Nbd7 13.Rfe1 Rfd8 14.Nd3 
Rac8 15.Ne5 c5 16.Nxd7 Nxd7 17.dxc5 Nxc5 18.Rad1 Qa6 19.a3 Nd3 20.Rf1 Qb5 
21.Rb1 a5 22.Rfd1 a4 23.Qe2 Qa6 24.Qe4 Nxb2 25.Rxd8+ Rxd8 26.Qc2 Nc4 27.h3
Nxa3 28.Rd1 Rxd1+ 29.Qxd1 h6 30.Qd8+ Kh7 31.Qf8 Nc2 32.Nh5 Kg6 33.Qxg7+ 
Kf5 34.Ng3+ 1-0

[Event "2022 WA Reserves Championship"]
[Site "Leeming, Perth WA"]
[Date "2022.06.05"]
[Round "3"]
[White "Barry, David"]
[Black "Ong, Celine"]
[Result "1-0"]
[WhiteElo "1820"]
[BlackElo "1738"]
[EventDate "2022.05.15"]

1.e4 e5 2.Nf3 Nc6 3.Bb5 a6 4.Ba4 d6 5.O-O Bg4 6.h3 h5 7.Bxc6+ bxc6 8.d4 
Bxf3 9.Qxf3 Qf6 10.Qc3 Ne7 11.dxe5 Qxe5 12.Qxe5 dxe5 13.Rd1 Ng6 14.Be3 Bd6
15.Nd2 O-O-O 16.Nc4 f6 17.Na5 Ne7 18.a3 g5 19.c4 c5 20.Rd3 f5 21.Bxg5 fxe4
22.Re3 Rdg8 23.h4 Nf5 24.Rxe4 Nd4 25.Kh1 c6 26.Bf6 Rh6 27.Bxe5 Re6 28.Rae1
Rge8 29.f4 Bc7 30.b4 Bxa5 31.bxa5 Nf5 32.Kh2 Nxh4 33.Rb1 Ng6 34.Rb8+ Kd7 
35.Rxe8 Rxe8 36.Kg3 Kc8 37.Re3 Ne7 38.Rb3 Nf5+ 39.Kh3 Re6 40.g4 hxg4+ 41.
Kxg4 Nd6 42.Bxd6 Rxd6 43.Kg5 Rd4 44.Rc3 Kd7 45.f5 Ke7 46.Re3+ Kd7 47.f6 
Rd1 48.f7 Rg1+ 49.Kf6 Rf1+ 50.Kg7 Rg1+ 51.Kf8 Rh1 52.Rg3 1-0

[Event "2022 WA Reserves Championship"]
[Site "Leeming, Perth WA"]
[Date "2022.06.05"]
[Round "3"]
[White "Clarke, Daniel"]
[Black "Gao, Oscar"]
[Result "1-0"]
[WhiteElo "1739"]
[BlackElo "2017"]
[EventDate "2022.05.15"]

1.e4 e5 2.Nf3 Nc6 3.Bb5 a6 4.Ba4 Nf6 5.O-O Be7 6.Re1 b5 7.Bb3 O-O 8.c3 d5 
9.exd5 Nxd5 10.Nxe5 Nxe5 11.Rxe5 c6 12.d4 Bd6 13.Re1 Qh4 14.g3 Qh3 15.Be3 
Bg4 16.Qd3 f5 17.Qf1 Qh5 18.f4 Kh8 19.Nd2 Rae8 20.Bxd5 cxd5 21.a4 g5 22.
axb5 gxf4 23.Bxf4 Be2 24.Rxe2 Rxe2 25.Nf3 Re6 26.Bxd6 Rxd6 27.bxa6 f4 28.
Ne5 Rdd8 29.g4 Qg5 30.Qf3 h5 31.Qh3 Qf6 32.Qxh5+ Kg7 33.g5 Qe6 34.b4 Rh8 
35.Qg4 Qb6 36.Qxf4 Rhf8 37.Qh4 Rh8 38.Qg4 Qc7 39.Qg3 Qb6 40.Qf3 Qc7 41.
Qf6+ Kg8 42.Qe6+ Kg7 43.Qg6+ Kf8 44.Rf1+ 1-0

[Event "2022 WA Reserves Championship"]
[Site "Leeming, Perth WA"]
[Date "2022.06.05"]
[Round "3"]
[White "King, David"]
[Black "Koh, Shannon"]
[Result "1-0"]
[WhiteElo "1840"]
[BlackElo "1800"]
[EventDate "2022.05.15"]

1.e4 c6 2.d4 d5 3.Nc3 dxe4 4.Nxe4 Bf5 5.Ng3 Bg6 6.h4 h6 7.Nf3 Nd7 8.h5 Bh7
9.Bd3 Bxd3 10.Qxd3 e6 11.Bd2 Ngf6 12.O-O-O Be7 13.Ne4 Nxe4 14.Qxe4 Nf6 15.
Qe2 Qd5 16.c4 Qe4 17.Qxe4 Nxe4 18.Be3 f5 19.Kc2 f4 20.Kd3 fxe3 21.Kxe4 
exf2 22.Rhf1 O-O-O 23.Rxf2 Bf6 24.Ne5 c5 25.Rfd2 Rxd4+ 26.Rxd4 cxd4 27.
Rxd4 Rd8 28.Rxd8+ Kxd8 29.b4 Ke7 30.c5 b5 31.Nc6+ Kd7 32.Nxa7 Bc3 33.c6+ 
Kd8 34.c7+ 1-0

[Event "2022 WA Reserves Championship"]
[Site "Leeming, Perth WA"]
[Date "2022.06.05"]
[Round "3"]
[White "McGinty, Aidan"]
[Black "Patel, Jeel"]
[Result "0-1"]
[WhiteElo "1637"]
[BlackElo "1515"]
[EventDate "2022.05.15"]

1.e4 e5 2.Nc3 Nc6 3.Bc4 Bc5 4.Qg4 Qf6 5.Nd5 Qxf2+ 6.Kd1 d6 7.Qxg7 Nd4 8.
Nh3 Qh4 9.Nf2 Nf5 10.Qxh8 Kf8 11.Ne3 Nxe3+ 12.dxe3 Qxf2 13.Bd2 Bg4+ 14.Kc1
Bxe3 15.Rf1 Qxd2+ 16.Kb1 Bh5 17.Qxh7 Nh6 18.Qh8+ Ke7 19.Qxa8 Bd1 20.a3 
Qxc2+ 0-1

[Event "2022 WA Reserves Championship"]
[Site "Leeming, Perth WA"]
[Date "2022.06.05"]
[Round "3"]
[White "Milovanovic, Stevica"]
[Black "Bonneville, Adam"]
[Result "1-0"]
[WhiteElo "1497"]
[BlackElo "1084"]
[EventDate "2022.05.15"]

1.e4 c5 2.Nc3 d6 3.Bc4 Nf6 4.Nf3 a6 5.d3 e6 6.O-O Be7 7.a3 b5 8.Ba2 O-O 9.
e5 dxe5 10.Nxe5 Qd6 11.Qf3 Ra7 12.Re1 Bb7 13.Qe2 Nbd7 14.Bf4 Nxe5 15.Bxe5 
Qc6 16.f3 Bc8 17.Rad1 b4 18.axb4 cxb4 19.Ne4 Nxe4 20.dxe4 Rd8 21.Rxd8+ 
Bxd8 22.Rd1 Rd7 23.Rxd7 Bxd7 24.Bc4 Qc5+ 25.Kh1 Bb6 26.Qd1 Qxc4 27.b3 Bb5 
1-0

[Event "2022 WA Reserves Championship"]
[Site "Leeming, Perth WA"]
[Date "2022.06.05"]
[Round "3"]
[White "Teh, Rui Gen"]
[Black "Gunawan, Tjermin"]
[Result "1-0"]
[WhiteElo "1675"]
[BlackElo "1764"]
[EventDate "2022.05.15"]

1.e4 c6 2.d4 d5 3.exd5 cxd5 4.Bd3 Nc6 5.c3 Nf6 6.h3 g6 7.Bf4 Bg7 8.Nf3 Qb6
9.Qb3 Nd7 10.O-O e6 11.Nbd2 O-O 12.Rfe1 Na5 13.Qc2 Nf6 14.Ne5 Nc6 15.Ndf3 
Qd8 16.Re2 Nxe5 17.Nxe5 Nd7 18.Nf3 Nf6 19.Rae1 Bd7 20.Ne5 Rc8 21.Qd2 a6 
22.Bh6 Bc6 23.Bxg7 Kxg7 24.Re3 Nd7 25.Rf3 Nxe5 26.Rxe5 Qh4 27.Qe3 Qh6 28.
Rf4 Kg8 29.Rxf7 Qxe3 30.Rxf8+ Rxf8 31.Rxe3 Kf7 32.Rf3+ Ke7 33.Rxf8 Kxf8 
34.g4 Kg7 35.Kg2 g5 36.Kg3 h6 37.b3 Kf6 38.f4 Be8 39.c4 Bg6 40.Bxg6 Kxg6 
41.cxd5 exd5 42.fxg5 hxg5 43.h4 gxh4+ 44.Kxh4 1-0

[Event "2022 WA Reserves Championship"]
[Site "Leeming, Perth WA"]
[Date "2022.06.05"]
[Round "3"]
[White "Gough, Dylan"]
[Black "Sheridan, Wallace"]
[Result "1-0"]
[WhiteElo "1670"]
[BlackElo "1663"]
[EventDate "2022.05.15"]

1.d4 d5 2.c4 e6 3.Nf3 Nf6 4.Bf4 Be7 5.e3 O-O 6.Nc3 b6 7.Nb5 Bb4+ 8.Nc3 Bb7
9.Bg5 h6 10.Bh4 Be7 11.Bxf6 Bxf6 12.cxd5 exd5 13.Bd3 c5 14.Bc2 Nc6 15.dxc5
Bxc3+ 16.bxc3 bxc5 17.Qd3 g6 18.Rd1 Qf6 19.O-O Ne5 20.Nxe5 Qxe5 21.Qb5 
Qxc3 22.Bxg6 fxg6 23.Qxb7 d4 24.Qd5+ Kg7 25.exd4 cxd4 26.Rxd4 Rac8 27.Qe5+
Kg8 28.Qe6+ Kg7 29.Rd7+ Kh8 30.Qxg6 Qg7 1-0

[Event "2022 WA Reserves Championship"]
[Site "Leeming, Perth WA"]
[Date "2022.06.05"]
[Round "3"]
[White "Wu, Kobe"]
[Black "McAteer, Ian"]
[Result "0-1"]
[WhiteElo "655"]
[BlackElo "1829"]
[EventDate "2022.05.15"]

1.e4 c6 2.Nc3 d5 3.d4 dxe4 4.Nxe4 Nf6 5.Nxf6+ exf6 6.Be3 Bd6 7.Bd3 Be6 8.
Nf3 Nd7 9.O-O O-O 10.Nd2 Re8 11.Ne4 Bc7 12.Nc5 Nxc5 13.dxc5 f5 14.c3 Qh4 
15.h3 Rad8 16.Qd2 f4 17.Bd4 f3 18.g3 Qxh3 19.Bxh7+ Qxh7 20.Qg5 Rxd4 21.Qe3
Rdd8 22.Qxf3 Bd5 23.Qxd5 Rxd5 24.Rfe1 Rxe1+ 25.Rxe1 Qf5 26.c4 Rd3 27.Re8+ 
Kh7 28.f4 Rxg3+ 29.Kf2 Qxf4+ 30.Ke2 Ba5 31.b4 Bxb4 32.a3 Qd2+ 33.Kf1 Qg2# 
0-1

[Event "2022 WA Reserves Championship"]
[Site "Leeming, Perth WA"]
[Date "2022.06.12"]
[Round "4"]
[White "McAteer, Ian"]
[Black "Cadag, Herbert"]
[Result "0-1"]
[WhiteElo "1829"]
[BlackElo "1759"]
[EventDate "2022.05.15"]

1.d4 e6 2.Nc3 d5 3.Bf4 a6 4.e3 Nf6 5.Bd3 Bd6 6.Bg5 h6 7.Bh4 c5 8.dxc5 Bxc5
9.Nge2 Nc6 10.O-O g5 11.Bg3 h5 12.h3 e5 13.e4 h4 14.Bh2 g4 15.hxg4 Bxg4 
16.Qd2 dxe4 0-1

[Event "2022 WA Reserves Championship"]
[Site "Leeming, Perth WA"]
[Date "2022.06.12"]
[Round "4"]
[White "Sheridan, Wallace"]
[Black "Wu, Kobe"]
[Result "0-1"]
[WhiteElo "1663"]
[BlackElo "655"]
[EventDate "2022.05.15"]

1.d4 d5 2.Nf3 Nf6 3.e3 Bf5 4.Bd3 Be4 5.c4 c6 6.Nc3 Bxd3 7.Qxd3 g6 8.O-O 
Bg7 9.b4 O-O 10.a4 a5 11.b5 e6 12.Ba3 Re8 13.Rab1 b6 14.c5 Qe7 15.Ne5 Rc8 
16.Rfc1 Nfd7 17.Nxc6 Nxc6 18.bxc6 Rxc6 19.Nb5 bxc5 20.dxc5 Nxc5 21.Rxc5 
Rxc5 22.Rc1 Rxc1+ 23.Bxc1 Rc8 24.Ba3 Qf6 25.g3 Bf8 26.Bxf8 Kxf8 27.Qd2 Qf3
28.Nd4 Qe4 29.f3 Qb1+ 30.Kg2 Qb4 0-1

[Event "2022 WA Reserves Championship"]
[Site "Leeming, Perth WA"]
[Date "2022.06.12"]
[Round "4"]
[White "Simonds, Marcus"]
[Black "Bonneville, Adam"]
[Result "1-0"]
[WhiteElo "1701"]
[BlackElo "1084"]
[EventDate "2022.05.15"]

1.e4 c5 2.d4 cxd4 3.c3 d6 4.cxd4 Nf6 5.Nc3 a6 6.a4 e6 7.g3 Nbd7 8.Bg2 Be7 
9.Nge2 O-O 10.O-O Rb8 11.b4 b6 12.b5 a5 13.Ba3 e5 14.d5 Ng4 15.h3 Nh6 16.
g4 f6 17.Ng3 Rf7 18.Rc1 Nf8 19.Nce2 Ng6 20.Qd2 f5 21.exf5 Bg5 22.f4 Nxf4 
23.Nxf4 Bxf4 24.Rxf4 exf4 25.Qxf4 Rc7 26.Rxc7 1-0